[Event "Berdsk Maestro op 16th"]
[Site "Berdsk"]
[Date "2010.07.08"]
[Round "1"]
[White "Beletsky, Alexey"]
[Black "Sukhorukov, Anatoly Evgenievich"]
[Result "1-0"]
[WhiteElo "2320"]
[BlackElo "2009"]
[PlyCount "93"]
[EventDate "2010.07.08"]
[EventType "swiss"]
[EventRounds "9"]
[EventCountry "RUS"]
[SourceTitle "EXT 2011"]
[Source "ChessBase"]
[SourceDate "2010.11.26"]
[SourceVersion "1"]
[SourceVersionDate "2010.11.26"]
[SourceQuality "1"]

1. e4 d6 2. d4 Nf6 3. Nc3 e5 4. dxe5 dxe5 5. Qxd8+ Kxd8 6. Bc4 Bb4 7. f3 Ke7 8. Nge2 c6 9. Be3 Be6 10. Bxe6 Kxe6 11. 0-0-0 Nbd7 12. Rd3 b6 13. Rhd1 Rad8 14. g4 Ke7 15. Ng3 g6 16. Bg5 h6 17. Rxd7+ Rxd7 18. Bxf6+ Kxf6 19. Rxd7 Bc5 20. Kd2 b5 21. Rc7 Rd8+ 22. Ke2 Rd6 23. h4 Bb6 24. Rb7 Rd4 25. Nf1 Ke6 26. Ne3 Rb4 27. b3 Rd4 28. Ncd1 Bd8 29. Rxa7 Bxh4 30. Ra6 Kd7 31. c3 Rd6 32. a4 bxa4 33. bxa4 Bg5 34. Nc4 Re6 35. Ra7+ Ke8 36. a5 h5 37. gxh5 gxh5 38. Ra8+ Bd8 39. a6 c5 40. a7 Ra6 41. Nb6 Ke7 42. Rxd8 Kxd8 43. a8Q+ Rxa8 44. Nxa8 Kd7 45. Nb6+ Kc6 46. Nc4 f6 47. Nf2 1-0

[Event "Berdsk Maestro op 15th"]
[Site "Berdsk"]
[Date "2009.07.12"]
[Round "5"]
[White "Tsepennikova, Tatyana"]
[Black "Sukhorukov, Anatoly Evgenievich"]
[Result "1-0"]
[WhiteElo "2128"]
[BlackElo "2026"]
[PlyCount "99"]
[EventDate "2009.07.08"]
[EventType "swiss"]
[EventRounds "9"]
[EventCountry "RUS"]
[SourceTitle "EXT 2022"]
[Source "ChessBase"]
[SourceDate "2021.10.06"]
[SourceVersion "1"]
[SourceVersionDate "2021.10.06"]
[SourceQuality "1"]

1. d4 Nf6 2. Nf3 g6 3. Bg5 Bg7 4. Nbd2 c5 5. dxc5 Na6 6. e4 Nxc5 7. Bc4 Nfxe4 8. Nxe4 Nxe4 9. Bxf7+ Kxf7 10. Qd5+ e6 11. Qxe4 Qa5+ 12. c3 Qb5 13. Qf4+ Ke8 14. Qd6 Bf8 15. Qd4 Rg8 16. Qf6 Qf5 17. Qd8+ Kf7 18. Qc7 Qe4+ 19. Be3 Be7 20. 0-0 Rf8 21. Bc5 Ke8 22. Bxe7 Kxe7 23. Rad1 Qc6 24. Qe5 b6 25. Qg5+ Ke8 26. Rfe1 Rf5 27. Qg4 Qc5 28. Nd4 Rg5 29. Qf4 Bb7 30. Nxe6 Rxg2+ 31. Kf1 Rxf2+ 32. Qxf2 Qxf2+ 33. Kxf2 dxe6 34. Rxe6+ Kf7 35. Red6 Re8 36. Rd7+ Re7 37. Rxe7+ Kxe7 38. Ke3 g5 39. Kd4 Ke6 40. Rf1 h5 41. Rf8 h4 42. Ke3 Bd5 43. b3 Ke5 44. c4 Be6 45. Ra8 g4 46. Rxa7 Bf5 47. Rb7 g3 48. hxg3 h3 49. Rxb6 Be6 50. Rxe6+ 1-0

[Event "Berdsk Maestro op 15th"]
[Site "Berdsk"]
[Date "2009.07.11"]
[Round "4"]
[White "Sukhorukov, Anatoly Evgenievich"]
[Black "Kozlov, Vadim1"]
[Result "1/2-1/2"]
[WhiteElo "2026"]
[BlackElo "2162"]
[PlyCount "88"]
[EventDate "2009.07.08"]
[EventType "swiss"]
[EventRounds "9"]
[EventCountry "RUS"]
[SourceTitle "EXT 2022"]
[Source "ChessBase"]
[SourceDate "2021.10.06"]
[SourceVersion "1"]
[SourceVersionDate "2021.10.06"]
[SourceQuality "1"]

1. e4 Nf6 2. d3 e5 3. Nf3 Nc6 4. Nbd2 d5 5. c3 a5 6. h3 Bd6 7. Be2 0-0 8. Qc2 Be6 9. Nf1 Ne7 10. g4 c5 11. Ng3 b5 12. Bg5 Nd7 13. Nf5 Bxf5 14. gxf5 f6 15. Bd2 c4 16. exd5 cxd3 17. Bxd3 Qb6 18. 0-0 Kh8 19. a4 bxa4 20. Rxa4 Rfc8 21. Rfa1 Nc5 22. Be3 Nxd5 23. Bxc5 Rxc5 24. Be4 Rb8 25. Nd2 Nf4 26. Nc4 Qc7 27. Nxd6 Qxd6 28. Kh2 Rcb5 29. Rxa5 Rxb2 30. Qxb2 Rxb2 31. Ra8+ Rb8 32. Rxb8+ Qxb8 33. Ra8 Qxa8 34. Bxa8 Kg8 35. c4 Kf7 36. Be4 Ke7 37. c5 Kd7 38. h4 Ne2 39. Bd5 Nd4 40. Be4 Nb3 41. c6+ Kc7 42. Kg3 Nd4 43. f3 Nxc6 44. f4 Kd6 1/2-1/2